00553nam a2200193Ia 450000500170000000800410001702000180005804000180007604100080009408200190010210000210012124500570014225000120019926000360021130000240024765000260027165000440029765000180034120220721140447.0210716s2009 xx 000 0 und d a9780230636606 cAIMIT LIBRARY aeng a519.421bGUPR aGupta, Radhey S. aElements of numerical analysis /cBy Radhey S Gupta. a1st ed. aNew Delhi :bMacmillan ,c2009. axvi,607p. ;c24 cm. aErrors in computation aLinear equations and eigenvalue problem aInterpolation